000 00687nam a2200229Ia 4500
003 OSt
005 20220923220923.0
006 a|||||r|||| 00| 0
007 ta
008 220922b |||||||| |||| 00| 0 hin d
024 _a192,243
037 _cTextual
040 _aARTS
_cARTS
_bhin
041 _2hin
_ahin
082 _aT:39P152, 152L3
100 _aसावित्री सिंह
245 0 _aहिन्दी शिक्षण
246 _aHindī shikṣhaṇa
260 _aमेरठ
_b लायल बुक डिपो
_c1973
942 _hT:39P152, 152L3
_cTEXL
_2CC
999 _c344865
_d344865